000 00693nam a2200229 a 4500
999 _c6252
_d6252
001 6252
003 BD-JhCC
005 20180118123907.0
008 171017s2010 bg |||| ||a| 000 0 ben d
020 _a9789843310514
035 _a(BD-JhCC)6252
040 _aBD-JhCC
_dBD-JhCC
041 _aben
082 _a891.4415
_bAZA 2010
100 _aআজাদ, শিমুল
245 _aবিরুদ্ধ প্রবাসে /
_cশিমুল আজাদ
260 _aযশোর :
_bশিল্পগ্রাম প্রকাশন,
_c২০১০.
300 _a৯৬ পৃ. :
_c২২ সে.মি.
650 _aBengali Poetry
942 _2ddc
_cBK